000 00351nam a2200133 a 4500
005 20140513081058.0
008 080110s19uu xx 00 eng d
050 _aVCD
_bT136 2008
245 _aTaking Flight:
_bflight.
260 _bScholastic,
_c2008.
_aPhilippines :
440 _aThe Magic School Bus
650 _a gliding; flying
999 _c116628
_d116628